000 00693nam a2200217 a 4500
005 20140310183604.0
008 120613s19uu xx 00 eng d
020 _a9780470398364
050 _aNK 1520
_b.D56 2010
100 _aDiMarco, John
245 _aDigital design for print and web :
_ban introduction to theory, principles, and techniques /
_cJohn DiMarco.
260 _aNew Jersey :
_bJohn Wiley and Sons,
_c2010.
300 _axvi, 336 p.
_bcol. ill. ;
_c26 cm.
500 _aIncludes index.
521 _aMA
650 _aCommercial art
_xData processing
650 _aGraphic arts
_xData processing
650 _aWebsites
_xDesign
942 _cBK
_2lcc
_kFOR
999 _c25144
_d25144